| 000 | 01317nam a22002297a 4500 | ||
|---|---|---|---|
| 999 |
_c6502 _d6502 |
||
| 003 | AR-CdUCM | ||
| 008 | 190318b ||||| |||| 00| 0 spa d | ||
| 040 |
_aMUNICIPALIDAD PROVINCIAL DEL CUSCO _cBIBLIOTECA MUNICIPAL DEL CUSCO |
||
| 082 |
_a036 / _bC95 _23ed. |
||
| 110 |
_aEditorial Cumbre S.A. _918411 |
||
| 245 |
_aEnciclopédica ilustrada cumbre : _bLo esencial de los conocimientos actuales en forma clara, sustancial y amena / |
||
| 260 |
_aMéxico D. F. : _bCumbres, _c1962. |
||
| 300 |
_a14 tomos ; _bilustraciones, retratos, laminas, diagramas, mapas, _c26 cm. |
||
| 500 | _aTextos a tres columnas. | ||
| 505 | _aContenido: t.1: Aarón-Azulejos -- t.2: Baal, Bell o Belus -- t.3: Caaba-Cyrano de Bergerac -- t.4: Chabrier Alejandro-Extramaunción -- t.5: FAbiana, Sociedad-Gumán y Pimentel Gaspar de -- t.6: Haakón VII rey de Noruega-Iztaccíhuatl -- t.7: Jabali-Lluvia artificail -- t.8: Macabeos-Mutualidad -- t.9: Naba-Ozono -- t.10: Paasikivi, Juho K.-Pu Yi Henry -- t.11: Quadrado y Fernández de Anguda-Ryukyu -- t.12: Saadi-Szent-Gyorgy Alberto -- t.13: Taba-Tyndall Juan -- t.14: Ubangui-Zworykin. | ||
| 650 |
_aEnciclopedias _96681 |
||
| 650 |
_aDiccionarios _95105 |
||
| 650 |
_aCultura general _96239 |
||
| 700 |
_aPastor, Julio (coordinación) _918412 |
||
| 942 |
_2ddc _cLIBROS |
||
| 945 | _aachl | ||